000 00745nam a2200277Ia 4500
005 20250425161908.0
008 250425s9999 xx 000 0 und d
020 _a848088522X
041 _aspa
043 _asp
082 _a658.314
100 _aMICHALKO, MICHAEL
245 0 _aLOS SECRETOS DE LOS GENIOS DE LA CREATIVIDAD
250 _a1A ED.
260 _aBARCELONA
260 _aEspaña
_bGESTION 2000
_c2000
300 _a350
500 _aTítulo Traducido: CRACKING CREATIVITY:THE SECRETS OF CREATIVE GENIUS
650 _aADMINISTRACION-TECNICAS
650 _aCREATIVIDAD
650 _aFORMACION PROFESIONAL
700 _aAIDA SANTAPAU
_etraductor
710 _aGESTION 2000 S.A.
942 _c01
010 _a34094
999 _c218324
_d218324